00438nam a22001577a 450000500170000000800410001702000150005804100130007308200140008610000240010024500390012425000190016326000480018230000250023065000250025520231113070530.0231113b |||||||| |||| 00| 0 eng d a0628012292 aEnglish  a345.7 RAB aRabie, A lEnglish  aTheories of Punishment / cA Rabie aFirst Edition  aJohannesburg : bPerskor Publishers, c1977 b51 pages ; c22 cm.  aLegal practice bLaw